Word Ladder: Gendered Colors Quiz Stats

 Plays Quiz Updated Apr 13, 2016

Challenge
Share
Tweet
Embed
Score 0/12 Timer 01:30
0 Plays Today
Hint 4-Letter Word % Correct
● Current stereotypical boys' color ●● BLUE ●
99.4%
Grains on a beachSAND
95.5%
● Current stereotypical girls' color ●● PINK ●
95.3%
What you lick on an envelope flapGLUE
94%
What the Titanic did on April 15, 1912SANK
93%
Spoke, utteredSAID
90.6%
Moved smoothly along a surfaceSLID
85.9%
Very thinSLIM
85.1%
Damp and musty, like a cellarDANK
84.3%
Dejected, moroseGLUM
84%
Squalid areaSLUM
82.2%
Acronym for a working couple without childrenDINK
81.3%

Today's Daily Dose

You're not logged in!

Compare scores with friends on all Sporcle quizzes.
OR
Log In

You Might Also Like...

Show Comments

Extras

Top Quizzes Today


Score Distribution

Your Account Isn't Verified!

In order to create a playlist on Sporcle, you need to verify the email address you used during registration. Go to your Sporcle Settings to finish the process.

Report this User

Report this user for behavior that violates our Community Guidelines.

Details: